LEADER 01199nam2-2200361li-450 001 990003347710203316 005 20200406173846.0 010 $a0-201-8963-4 035 $a000334771 035 $aUSA01000334771 035 $a(ALEPH)000334771USA01 035 $a000334771 100 $a2002009111997-------y0itay0103----ba 101 0 $aeng 102 $aUS 200 1 $a<> Fundamental algorithms$fDonald E. Knuth 205 $a3. ed. 210 $aReading (MA)$cAddison-Wesley$d1997 215 $aXIX, 650 p.$cill. 225 2$aAddison-Wesley series in computer science and information processing 410 0$12001$aAddison-Wesley series in computer science and information processing 461 1$10010018208$12001$a<> art of computer programming 606 0 $aElaboratori$xProgrammazione$2BNCF 676 $a005.1 700 1$aKNUTH,$bDonald E.$048274 801 $aSistema bibliotecario di Ateneo dell' Università di Salerno$gRICA 912 $a990003347710203316 951 $a001.6 AWC 1 (B)$b21333/CBS$c001.6$d00102627 959 $aBK 969 $aSCI 979 $aRSIAV7$b90$c20091113$lUSA01$h0947 996 $aFundamental algorithms$9122630 997 $aUNISA LEADER 00938nam a2200241 i 4500 001 991002490029707536 005 20020508201109.0 008 010213s1972 it ||| | ita 035 $ab11017077-39ule_inst 035 $aPARLA163626$9ExL 040 $aDip.to di Scienze Storiche Fil. e Geogr.$bita 082 0 $a970.3 100 1 $aCerulli, Ernesta$0143462 245 13$aLe culture dell'America precolombiana e loro condizione attuale /$cErnesta Cerulli 260 $aGenova :$bTilgher,$c1972 300 $aVIII, 249 p. :$bill. ;$c24 cm. 650 4$aAmerica - Civilta precolombiane 907 $a.b11017077$b21-09-06$c28-06-02 912 $a991002490029707536 945 $aLE009 STOR.96-80$g1$i2009000038097$lle009$o-$pE0.00$q-$rl$s- $t0$u0$v0$w0$x0$y.i11135943$z28-06-02 996 $aCulture dell'America precolombiana e loro condizione attuale$9862068 997 $aUNISALENTO 998 $ale009$b01-01-01$cm$da $e-$fita$git $h3$i1